Certain tapered roller bearings and parts there of from Japan, the Federal Republic of Germany, and Italy
Bewaard in:
| Formaat: | Boek |
|---|---|
| Taal: | Undetermined |
| Gepubliceerd in: |
Washington
United States International Trade Commission
|
| Onderwerpen: | |
| Tags: |
Voeg label toe
Geen labels, Wees de eerste die dit record labelt!
|
| Thư viện lưu trữ: | Trung tâm Học liệu Trường Đại học Cần Thơ |
|---|
| LEADER | 00521nam a2200157Ia 4500 | ||
|---|---|---|---|
| 001 | CTU_96456 | ||
| 008 | 210402s9999 xx 000 0 und d | ||
| 082 | |a 382 | ||
| 082 | |b C418 | ||
| 245 | 0 | |a Certain tapered roller bearings and parts there of from Japan, the Federal Republic of Germany, and Italy | |
| 260 | |a Washington | ||
| 260 | |b United States International Trade Commission | ||
| 650 | |a Commerce,Commerce | ||
| 650 | |z Germany,Italy | ||
| 904 | |i Năm | ||
| 980 | |a Trung tâm Học liệu Trường Đại học Cần Thơ | ||